Statistics for Country Flag Wall Quiz #6

Click here to take the quiz!

General Stats

  • This quiz has been taken 18 times
  • The average score is 15 of 16

Answer Stats

Answer% Correct
Albania
100%
Belgium
100%
Ireland
100%
Italy
100%
Ivory Coast
100%
Nepal
100%
North Korea
100%
Norway
100%
Russia
100%
Saudi Arabia
100%
East Timor
88%
Tonga
88%
Bolivia
75%
Guinea-Bissau
75%
Iraq
75%
El Salvador
63%

Score Distribution

Percentile by Number Answered

Percent of People with Each Score

Your Score History

You have not taken this quiz